| 000 | 00796nam a22001337a 4500 | ||
|---|---|---|---|
| 040 | _cRUA | ||
| 082 | _aFIS BOU 2012 B184 Or.1 | ||
| 100 | _aBOU, SOPHORS. | ||
| 245 | _aGrowth performance of mile tilapia fingerling produced through broodstock selection for quantitative phenotype (tilapia niloticus), ការតាមដានកម្រិតលូតលាស់កូនត្រីពូជទីឡាព្យាឆ្នួតតាមរយៈកម្មវិធីជម្រើសពុជតាមបែបសាមញ្ញ ដើម្បីផេណូទីបខាងបរិមាណ | ||
| 260 |
_aPhnom Penh _bRUA _c2012 |
||
| 300 |
_axii; 53p. _bill. _c29cm. |
||
| 856 | _uhttps://drive.google.com/file/d/1wxMmSzs-VJ0g9ZuLLPtwHoduxuM8c7jp/view?usp=sharing | ||
| 942 | _cFIS | ||
| 999 |
_c4046 _d4046 |
||